Stand in the gap for your children (Record no. 17275)

000 -LEADER
fixed length control field 00728nam a2200205 a 4500
001 - CONTROL NUMBER
control field :::00021128$&:&@@
003 - CONTROL NUMBER IDENTIFIER
control field OkBaRHE
005 - DATE AND TIME OF LATEST TRANSACTION
control field 20110916145244.0
008 - FIXED-LENGTH DATA ELEMENTS--GENERAL INFORMATION
fixed length control field s1982 j 000 0 eng u
020 ## - INTERNATIONAL STANDARD BOOK NUMBER
International Standard Book Number 0892742577
040 ## - CATALOGING SOURCE
Transcribing agency
100 1# - MAIN ENTRY--PERSONAL NAME
Personal name Hayes, Norvel
245 10 - TITLE STATEMENT
Title Stand in the gap for your children
260 ## - PUBLICATION, DISTRIBUTION, ETC. (IMPRINT)
Place of publication, distribution, etc Tulsa,OK
Name of publisher, distributor, etc Harrison House
Date of publication, distribution, etc 1982
300 ## - PHYSICAL DESCRIPTION
Extent 31p
490 0# - SERIES STATEMENT
Series statement 1.Parent and child 2.Hayes,Zona 3.Hayes,Norvel 1 title
942 ## - ADDED ENTRY ELEMENTS (KOHA)
Source of classification or shelving scheme
Koha item type Books
Copies
Lost status Shelving location Price effective from Barcode Full call number Withdrawn status Date last seen Copy number Current Location Source of classification or shelving scheme Koha item type Date acquired Not for loan Damaged status Permanent Location
 General Stacks2010-04-1421128HQ 769 .H282 1982 2010-04-142RHEMA Bible Training College Books2010-04-14  RHEMA Bible Training College
 General Stacks2011-09-1612560HQ 769 .H282 2011-09-161RHEMA Bible Training College Books2011-09-16  RHEMA Bible Training College